Southville International School and Colleges
Your cart is empty.
  • Cart
  • Lists
    Public lists Eva Luna New books Lux_list list_1
    Your lists Log in to create your own lists
  • Log in to your account
  • Your cookies
  • Search history
Southville International School and Colleges
  • Advanced search
  • Recent comments
  • Most popular
  • Libraries

Log in to your account

Log in with GOOGLE


If you do not have an external account, but do have a local account, you can still log in:

  1. Home
  2. MARC view: Kitchen /
Normal view MARC view ISBD view

Kitchen / (Record no. 9372)

[ view plain ]
MARC details
000 -LEADER
fixed length control field 00462nam a22001817a 4500
003 - CONTROL NUMBER IDENTIFIER
control field SISC
005 - DATE AND TIME OF LATEST TRANSACTION
control field 20160308150418.0
008 - FIXED-LENGTH DATA ELEMENTS--GENERAL INFORMATION
fixed length control field 130824t xxu||||| |||| 00| 0 eng d
020 ## - INTERNATIONAL STANDARD BOOK NUMBER
International Standard Book Number 080211516
050 ## - LIBRARY OF CONGRESS CALL NUMBER
Classification number PL 865
Item number .Y65 1964
082 ## - DEWEY DECIMAL CLASSIFICATION NUMBER
Classification number HS 895.635
Item number .Y8 1993
100 ## - MAIN ENTRY--PERSONAL NAME
Personal name Yoshimoto, Banana
9 (RLIN) 13389
245 ## - TITLE STATEMENT
Title Kitchen /
Statement of responsibility, etc Banana Yoshimoto.
260 ## - PUBLICATION, DISTRIBUTION, ETC. (IMPRINT)
Place of publication, distribution, etc New York :
Name of publisher, distributor, etc Grove Press,
Date of publication, distribution, etc c1993.
300 ## - PHYSICAL DESCRIPTION
Extent 152 p. :
Dimensions 19 cm.
942 ## - ADDED ENTRY ELEMENTS (KOHA)
Source of classification or shelving scheme Library of Congress Classification
Koha item type Books
Holdings
Withdrawn status Lost status Source of classification or shelving scheme Damaged status Home library Current library Shelving location Date acquired Total Checkouts Full call number Barcode Date last seen Copy number Price effective from Koha item type
    Library of Congress Classification   Luxembourg Library Luxembourg Library High School Section 08/24/2013   PL 865 .Y65 1964 3247 03/08/2016 1 08/24/2013 Books

Kitchen /

APA

Yoshimoto B., . (1993). Kitchen. New York: Grove Press.

Chicago

Yoshimoto Banana, . 1993. Kitchen. New York: Grove Press.

Harvard

Yoshimoto B., . (1993). Kitchen. New York: Grove Press.

MLA

Yoshimoto Banana, . Kitchen. New York: Grove Press. 1993.

  • Place hold
  • Print
  • Cite
  • Add to your cart (remove)
  • Save record
    BIBTEX Dublin Core MARCXML MARC (non-Unicode/MARC-8) MARC (Unicode/UTF-8) MARC (Unicode/UTF-8, Standard) MODS (XML) RIS
  • More searches
    Search for this title in:
    Other Libraries (WorldCat) Other Databases (Google Scholar) Online Stores (Bookfinder.com) Open Library (openlibrary.org)

Exporting to Dublin Core...

SOUTHVILLE LIBRARY

Southville International School and Colleges Library

1281 Tropical Ave. Cor. Luxembourg St., BF Homes International, Las Pinas City

Tel. No. 8256374 / 252358 Loc. 117/146

Powered by Koha